000 00742nam a2200301Ia 4500
008 210210b2011 xxu||||| |||| 00| 0 eng d
020 _a9788184572582
041 _aeng
082 _a020 BABQ
100 _aBABU (V P Ramesh) ed.
245 _aQuality of library and information services in higher education: a global scenario
260 _aNew Delhi
_bKanishka Publishers, Distributors
_c2011
300 _axiv,438
650 _aservices
650 _ascenario
650 _aQuality
650 _aof
650 _alibrary
650 _ainformation
650 _ain
650 _ahigher
650 _aglobal
650 _aeducation:
650 _aand
650 _aa
690 _aLibrary Science
906 _a066073
999 _c150133
_d150133